LEADER 01445nam a2200325 i 4500 001 000000134705 003 CaOOAMICUS 005 20160316000000.0 008 160316s2004 it u000 u mul u 013 $a107881 020 $a88-452-0289-5 040 $aSeMil$bita 100 0 $aAlanus : de Insulis,$d<1120 ca.-1203>.$0(OLS)http://semarc/name/9658 240 10$aAnticlaudiano (tit. orig.: Anticlaudianus), Discorso sulla sfera intelligibile (tit. orig.: Sermo de sphaera intelligibili).$0(OLS)http://semarc/title/197101 245 10$aViaggio della saggezza /$cAlano di Lilla ; introduzione, traduzione, note e apparati di Carlo Chiurco. 260 $aMilano :$bBompiani,$c2004. 300 $a446 p. ;$c22 cm. 490 0 $aIl pensiero occidentale 500 $aTesto latino a fronte. 650 4$aFilosofia - Testi - Sec. 12.$0(OLS)http://semarc/subject/10103 700 1 $aChiurco, Carlo.$0(OLS)http://semarc/name/55086 830 0$aBompiani Il pensiero occidentale.$0(OLS)http://semarc/title/10111 850 $aSeMil 852 $aSeMil$W1$xVenegono$y1$m2OA II 445$j88416$B88416$CSeMilBibl$Z2$F92732 $81 900 0 $aAlano : di Lilla. 961 $aAcquisto: Àncora (Libreria) 996 $6020$a88-452-0289-5$9(OLS)http://semarc/number/121964 996 $6245$aViaggio della saggezza$9(OLS)http://semarc/title/197100 996 $6260$aMilano :$bBompiani$9(OLS)http://semarc/publisher/29706 LEADER 01238nas a2200313 i 4500 001 000000170202 003 CaOOAMICUS 005 20190625123931.0 008 080313b2008 it uu u0 0mul r 013 $a147610 040 $aSeMil$bita 245 10$a[2008 : fascicoli 844-849]. 260 $aMilano :$bScuola Beato Angelico,$ccopyr. 2008. 300 $a500 p. :$bill. ;$c29 cm. 500 $aArticoli con sintesi in inglese o in italiano. 773 0 $tArte Cristiana.$dMilano : Scuola Beato Angelico, 1913.$x0004-3400$w()1923 774 0 $tFascicolo 844 .$w()268366 774 0 $tFascicolo 845.$w()268742 774 0 $tIndice dei nomi di luogo e di persona dell'annata 2008 (NN. 844-849). - Titolo dalla prima pagina.$w()268743 774 0 $tFascicolo 846.$w()269137 774 0 $tFascicolo 847.$w()269417 774 0 $tFascicolo 848.$w()269926 774 0 $tFascicolo 849.$w()270095 850 $aSeMil 852 $aSeMil$W1$xVenegono$y1$m212 5 35$j121098$B121098$CSeMilBibl$Z2$F142277 $85 961 $aCambio: Scuola Cattolica 996 $6245$a[2008 : fascicoli 844-849]$9(OLS)http://semarc/title/243422 996 $6260$aMilano :$bScuola Beato Angelico$9(OLS)http://semarc/publisher/30388